00738nam a2200217 i 4500001000300000003000900003005001700012008003900029040002900068080001300097080001200110100003700122245006900159260005600228300003600284380001600320655003000336650001400366710004200380856009800422bgKOSZ 00520200630132830.0170601s1968 pl a f 000 0 pol cKOSZ 005/RWaKOSZ 005/RW a531.1/.2 a(075.8)1 aLeyko, Jerzyd(1918-1995)eAutor00aMechanika ogólna.nT. 1,pStatyka i kinematyka /cJerzy Leyko. aWarszawa :bPaństwowe Wydawnictwo Naukowe,c1968. a392 s. :brys., wykr. ;c25 cm. aKsiążki aPodręczniki akademickie 9aMechanika2 aPaństwowe Wydawnictwo Naukowe4pbl. uhttp://koha.tu.koszalin.pl/cgi-bin/koha/opac-detail.pl?biblionumber=25368yKatalog online BPK